| 000 | 00472nam a2200205Ia 4500 | ||
|---|---|---|---|
| 003 | OSt | ||
| 005 | 20251118101201.0 | ||
| 008 | 250729s2005 xx 000 0 und d | ||
| 020 | _a 978-8183571210 | ||
| 040 | _cAL | ||
| 041 | _aeng | ||
| 082 | _a910 CHOG | ||
| 100 |
_aChopra P S _9224464 |
||
| 245 | _aGeography of india | ||
| 260 |
_aNew Delhi _c2005 |
||
| 300 | _a696p | ||
| 650 |
_aGeography _9224465 |
||
| 700 |
_aChopra J K _9224466 |
||
| 942 |
_2ddc _cBED |
||
| 999 |
_c236421 _d236421 |
||